000 00259nam a2200109 a 4500
008 101208s1970|||| d
245 1 0 _aKrása slovenských pamiatkových kostolov
044 _aCZ
041 _acze
260 _bREFO
_aPraha
_c1970
020 _c60
999 _c13897
_d13897